|
|
|
|
| LEADER |
01210nam a2200289 a 4500 |
| 001 |
1757 |
| 003 |
BD-DhAAL |
| 008 |
091006s1974 onca b 000 0 eng d |
| 020 |
|
|
|a 0889360421
|
| 040 |
|
|
|a DLC
|c DLC
|d DLC
|d BD-DhAAL
|
| 041 |
|
|
|a eng
|
| 082 |
0 |
0 |
|a 361
|2 18
|
| 100 |
1 |
|
|a Fussell, Diana.
|9 54364
|
| 245 |
1 |
0 |
|a Study-service :
|b a survey, prepared as a background paper for research into various aspects of study-service /
|c Diana Fussell and Andrew Quarmby.
|
| 260 |
|
|
|a Ottawa :
|b Centre de recherches pour le développement international,
|c 1974.
|
| 300 |
|
|
|a 43 p. :
|b ill. ;
|c 25 cm.
|
| 490 |
1 |
|
|a IDRC Monographs ;
|v IDRC-037e
|
| 504 |
|
|
|a Bibliographical references (p. 37-40)
|
| 541 |
1 |
|
|e 00001757
|
| 650 |
|
0 |
|a Young volunteers in social service.
|9 54365
|
| 650 |
|
0 |
|a Student volunteers in social service.
|9 54366
|
| 700 |
1 |
|
|a Quarmby, Andrew,
|e joint author.
|9 54367
|
| 830 |
|
0 |
|a IDRC (Series) ;
|v 037e.
|9 54368
|
| 852 |
4 |
|
|a Ayesha Abed Library
|c General Stacks
|
| 942 |
|
|
|2 ddc
|c BK
|
| 999 |
|
|
|c 4297
|d 4297
|
| 952 |
|
|
|0 0
|1 0
|2 ddc
|4 0
|6 361_FUS_197400000000000
|7 0
|9 3967
|a BRACUL
|b BRACUL
|c GEN
|d 2009-10-07
|g 0.00
|l 0
|o 361 FUS
|p 3010001757
|r 2009-10-07
|t 1
|w 2009-10-07
|y BK
|x No price found in the accession register.
|